[Event "Trofeo abierto Universidad de Jaen 2025"]
[Site "Maestra, 16 (Palacio de Cultura)"]
[Date "2025.04.05"]
[Round "2.5"]
[White "Moya Gonzalez, Sebastian"]
[Black "Barruz Serrano, Antonio Angel"]
[Result "0-1"]
[TimeControl "10' + 5\""]
[WhiteFideId "24560456"]
[BlackFideId "2287994"]
[WhiteElo "1639"]
[BlackElo "1919"]

1. e4 {[%clk 00:10:08]} {[%emt 00:00:01]} c6 {[%clk 00:10:06]} {[%emt
00:00:04]} 2. d4 {[%clk 00:10:10]} {[%emt 00:00:03]} d5 {[%clk 00:10:09]}
{[%emt 00:00:02]} 3. e5 {[%clk 00:10:13]} {[%emt 00:00:02]} Bf5 {[%clk
00:10:11]} {[%emt 00:00:03]} 4. Bd3 {[%clk 00:10:04]} {[%emt 00:00:14]} Bxd3
{[%clk 00:10:13]} {[%emt 00:00:03]} 5. Qxd3 {[%clk 00:10:07]} {[%emt 00:00:02]}
e6 {[%clk 00:10:17]} {[%emt 00:00:01]} 6. Nf3 {[%clk 00:09:46]} {[%emt
00:00:26]} a6 {[%clk 00:10:11]} {[%emt 00:00:12]} 7. a4 {[%clk 00:09:37]}
{[%emt 00:00:14]} c5 {[%clk 00:10:14]} {[%emt 00:00:02]} 8. Be3 {[%clk
00:08:55]} {[%emt 00:00:47]} Qc7 {[%clk 00:10:11]} {[%emt 00:00:08]} 9. Nbd2
{[%clk 00:07:54]} {[%emt 00:01:06]} c4 {[%clk 00:10:08]} {[%emt 00:00:08]} 10.
Qc3 {[%clk 00:07:37]} {[%emt 00:00:22]} Nc6 {[%clk 00:10:09]} {[%emt 00:00:04]}
11. b3 {[%clk 00:07:22]} {[%emt 00:00:20]} Bb4 {[%clk 00:10:10]} {[%emt
00:00:04]} 12. Qb2 {[%clk 00:07:17]} {[%emt 00:00:11]} c3 {[%clk 00:10:02]}
{[%emt 00:00:13]} 13. Qc1 {[%clk 00:06:56]} {[%emt 00:00:26]} cxd2+ {[%clk
00:10:04]} {[%emt 00:00:03]} 14. Bxd2 {[%clk 00:06:58]} {[%emt 00:00:03]} Nge7
{[%clk 00:10:05]} {[%emt 00:00:05]} 15. O-O {[%clk 00:06:53]} {[%emt 00:00:10]}
Nf5 {[%clk 00:09:53]} {[%emt 00:00:17]} 16. c3 {[%clk 00:06:27]} {[%emt
00:00:31]} Be7 {[%clk 00:09:55]} {[%emt 00:00:02]} 17. Qc2 {[%clk 00:05:58]}
{[%emt 00:00:35]} Rc8 {[%clk 00:09:48]} {[%emt 00:00:12]} 18. Rac1 {[%clk
00:04:42]} {[%emt 00:01:20]} Qb6 {[%clk 00:09:40]} {[%emt 00:00:13]} 19. Qb2
{[%clk 00:04:41]} {[%emt 00:00:07]} h5 {[%clk 00:09:30]} {[%emt 00:00:15]} 20.
h3 {[%clk 00:04:29]} {[%emt 00:00:17]} Qd8 {[%clk 00:09:23]} {[%emt 00:00:12]}
21. Rfe1 {[%clk 00:04:10]} {[%emt 00:00:23]} g5 {[%clk 00:09:23]} {[%emt
00:00:04]} 22. Nh2 {[%clk 00:03:40]} {[%emt 00:00:36]} Nh6 {[%clk 00:07:55]}
{[%emt 00:01:33]} 23. g3 {[%clk 00:03:00]} {[%emt 00:00:45]} g4 {[%clk
00:07:42]} {[%emt 00:00:17]} 24. h4 {[%clk 00:03:01]} {[%emt 00:00:04]} Nf5
{[%clk 00:07:41]} {[%emt 00:00:05]} 25. Bf4 {[%clk 00:02:33]} {[%emt 00:00:32]}
Qb6 {[%clk 00:07:31]} {[%emt 00:00:16]} 26. Nf1 {[%clk 00:02:05]} {[%emt
00:00:33]} Na5 {[%clk 00:07:31]} {[%emt 00:00:05]} 27. Rb1 {[%clk 00:01:57]}
{[%emt 00:00:13]} Qc6 {[%clk 00:06:02]} {[%emt 00:01:34]} 28. Rbc1 {[%clk
00:01:44]} {[%emt 00:00:17]} b5 {[%clk 00:06:03]} {[%emt 00:00:04]} 29. axb5
{[%clk 00:01:35]} {[%emt 00:00:15]} Qxb5 {[%clk 00:06:05]} {[%emt 00:00:03]} 30.
Ra1 {[%clk 00:01:31]} {[%emt 00:00:09]} Nb7 {[%clk 00:05:47]} {[%emt 00:00:23]}
31. Rec1 {[%clk 00:01:11]} {[%emt 00:00:25]} a5 {[%clk 00:05:50]} {[%emt
00:00:01]} 32. Qd2 {[%clk 00:00:51]} {[%emt 00:00:24]} Rg8 {[%clk 00:05:37]}
{[%emt 00:00:19]} 33. Ne3 {[%clk 00:00:46]} {[%emt 00:00:09]} Nxe3 {[%clk
00:05:27]} {[%emt 00:00:15]} 34. Qxe3 {[%clk 00:00:49]} {[%emt 00:00:02]} Nd8
{[%clk 00:04:48]} {[%emt 00:00:44]} 35. Rab1 {[%clk 00:00:45]} {[%emt
00:00:09]} Nc6 {[%clk 00:04:50]} {[%emt 00:00:03]} 36. Kg2 {[%clk 00:00:37]}
{[%emt 00:00:13]} Qb7 {[%clk 00:04:29]} {[%emt 00:00:26]} 37. Bg5 {[%clk
00:00:40]} {[%emt 00:00:02]} Bxg5 {[%clk 00:04:26]} {[%emt 00:00:07]} 38. hxg5
{[%clk 00:00:41]} {[%emt 00:00:05]} Ne7 {[%clk 00:04:28]} {[%emt 00:00:03]} 39.
Rh1 {[%clk 00:00:44]} {[%emt 00:00:01]} Rh8 {[%clk 00:04:29]} {[%emt 00:00:04]}
40. Ra1 {[%clk 00:00:42]} {[%emt 00:00:08]} Ra8 {[%clk 00:04:27]} {[%emt
00:00:06]} 41. Qf4 {[%clk 00:00:40]} {[%emt 00:00:06]} Ng6 {[%clk 00:04:23]}
{[%emt 00:00:09]} 42. Qe3 {[%clk 00:00:36]} {[%emt 00:00:09]} Qb5 {[%clk
00:04:13]} {[%emt 00:00:16]} 43. Qd2 {[%clk 00:00:29]} {[%emt 00:00:11]} Kf8
{[%clk 00:04:06]} {[%emt 00:00:13]} 44. b4 {[%clk 00:00:10]} {[%emt 00:00:25]}
Qb6 {[%clk 00:03:47]} {[%emt 00:00:24]} 45. Rhb1 {[%clk 00:00:12]} {[%emt
00:00:03]} a4 {[%clk 00:03:47]} {[%emt 00:00:05]} 46. Qc2 {[%clk 00:00:14]}
{[%emt 00:00:03]} Qb5 {[%clk 00:03:47]} {[%emt 00:00:06]} 47. Ra3 {[%clk
00:00:17]} {[%emt 00:00:03]} h4 {[%clk 00:03:48]} {[%emt 00:00:04]} 48. Rba1
{[%clk 00:00:17]} {[%emt 00:00:05]} hxg3 {[%clk 00:03:15]} {[%emt 00:00:37]} 49.
fxg3 {[%clk 00:00:19]} {[%emt 00:00:03]} Ne7 {[%clk 00:03:14]} {[%emt
00:00:05]} 50. Rxa4 {[%clk 00:00:21]} {[%emt 00:00:04]} Rxa4 {[%clk 00:03:17]}
{[%emt 00:00:02]} 51. Rxa4 {[%clk 00:00:24]} {[%emt 00:00:02]} Kg7 {[%clk
00:03:11]} {[%emt 00:00:11]} 52. Ra7 {[%clk 00:00:25]} {[%emt 00:00:04]} Nf5
{[%clk 00:03:12]} {[%emt 00:00:03]} 53. Rc7 {[%clk 00:00:11]} {[%emt 00:00:20]}
Rh3 {[%clk 00:03:12]} {[%emt 00:00:05]} 54. Qd2 {[%clk 00:00:12]} {[%emt
00:00:04]} Rxg3+ {[%clk 00:03:08]} {[%emt 00:00:09]} 55. Kh2 {[%clk 00:00:12]}
{[%emt 00:00:05]} Qf1 {[%clk 00:03:08]} {[%emt 00:00:05]} 0-1

[Event "Trofeo abierto Universidad de Jaen 2025"]
[Site "Maestra, 16 (Palacio de Cultura)"]
[Date "2025.04.05"]
[Round "2.6"]
[White "Inigo Lopez, Rafael"]
[Black "Pachon Aragon, Rafael"]
[Result "1-0"]
[TimeControl "10' + 5\""]
[BlackFideId "54701058"]
[WhiteElo "1910"]
[BlackElo "1621"]

1. d4 {[%clk 00:10:03]} {[%emt 00:00:04]} c6 {[%clk 00:10:06]} {[%emt
00:00:04]} 2. c4 {[%clk 00:10:05]} {[%emt 00:00:03]} d5 {[%clk 00:10:08]}
{[%emt 00:00:03]} 3. Nf3 {[%clk 00:10:08]} {[%emt 00:00:02]} Bf5 {[%clk
00:10:06]} {[%emt 00:00:07]} 4. Qb3 {[%clk 00:08:52]} {[%emt 00:01:21]} b6
{[%clk 00:09:19]} {[%emt 00:00:52]} 5. Nc3 {[%clk 00:08:25]} {[%emt 00:00:31]}
e6 {[%clk 00:09:16]} {[%emt 00:00:08]} 6. g3 {[%clk 00:07:27]} {[%emt
00:01:03]} Nf6 {[%clk 00:09:14]} {[%emt 00:00:07]} 7. Bg2 {[%clk 00:07:18]}
{[%emt 00:00:13]} Be7 {[%clk 00:08:10]} {[%emt 00:01:09]} 8. O-O {[%clk
00:06:51]} {[%emt 00:00:32]} O-O {[%clk 00:08:13]} {[%emt 00:00:03]} 9. Re1
{[%clk 00:06:32]} {[%emt 00:00:23]} Re8 {[%clk 00:08:12]} {[%emt 00:00:07]} 10.
h3 {[%clk 00:05:29]} {[%emt 00:01:09]} h6 {[%clk 00:08:12]} {[%emt 00:00:05]}
11. Ne5 {[%clk 00:05:19]} {[%emt 00:00:14]} a5 {[%clk 00:06:55]} {[%emt
00:01:23]} 12. cxd5 {[%clk 00:04:05]} {[%emt 00:01:19]} exd5 {[%clk 00:06:30]}
{[%emt 00:00:31]} 13. Bf4 {[%clk 00:03:09]} {[%emt 00:01:01]} Bd6 {[%clk
00:06:03]} {[%emt 00:00:32]} 14. Rad1 {[%clk 00:02:58]} {[%emt 00:00:16]} a4
{[%clk 00:05:49]} {[%emt 00:00:20]} 15. Nxa4 {[%clk 00:02:49]} {[%emt
00:00:14]} Ra5 {[%clk 00:04:55]} {[%emt 00:00:58]} 16. Nc3 {[%clk 00:02:28]}
{[%emt 00:00:26]} Be6 {[%clk 00:04:05]} {[%emt 00:00:55]} 17. e4 {[%clk
00:02:09]} {[%emt 00:00:24]} dxe4 {[%clk 00:03:51]} {[%emt 00:00:19]} 18. Qc2
{[%clk 00:01:58]} {[%emt 00:00:16]} Nd5 {[%clk 00:03:02]} {[%emt 00:00:54]} 19.
Bxe4 {[%clk 00:01:22]} {[%emt 00:00:41]} Nxf4 {[%clk 00:02:41]} {[%emt
00:00:27]} 20. gxf4 {[%clk 00:01:25]} {[%emt 00:00:02]} Bxh3 {[%clk 00:02:24]}
{[%emt 00:00:21]} 21. Bh7+ {[%clk 00:01:12]} {[%emt 00:00:18]} Kh8 {[%clk
00:02:27]} {[%emt 00:00:02]} 22. Bf5 {[%clk 00:01:16]} {[%emt 00:00:02]} Bxe5
{[%clk 00:01:50]} {[%emt 00:00:42]} 23. Rxe5 {[%clk 00:01:00]} {[%emt
00:00:20]} Rexe5 {[%clk 00:01:45]} {[%emt 00:00:11]} 24. dxe5 {[%clk 00:00:57]}
{[%emt 00:00:09]} Rd5 {[%clk 00:00:43]} {[%emt 00:01:07]} 25. Nxd5 {[%clk
00:00:58]} {[%emt 00:00:03]} Bxf5 {[%clk 00:00:45]} {[%emt 00:00:03]} 26. Qxf5
{[%clk 00:00:58]} {[%emt 00:00:05]} cxd5 {[%clk 00:00:49]} {[%emt 00:00:02]} 27.
e6 {[%clk 00:00:56]} {[%emt 00:00:07]} fxe6 {[%clk 00:00:47]} {[%emt 00:00:07]}
28. Qxe6 {[%clk 00:00:59]} {[%emt 00:00:02]} d4 {[%clk 00:00:43]} {[%emt
00:00:09]} 29. Qe4 {[%clk 00:00:57]} {[%emt 00:00:06]} Qd7 {[%clk 00:00:30]}
{[%emt 00:00:18]} 30. Rxd4 {[%clk 00:00:52]} {[%emt 00:00:11]} Qg4+ {[%clk
00:00:30]} {[%emt 00:00:04]} 31. Kf1 {[%clk 00:00:53]} {[%emt 00:00:04]} Qc8
{[%clk 00:00:28]} {[%emt 00:00:08]} 32. Qd3 {[%clk 00:00:44]} {[%emt 00:00:13]}
Nc6 {[%clk 00:00:28]} {[%emt 00:00:05]} 33. Rc4 {[%clk 00:00:46]} {[%emt
00:00:03]} b5 {[%clk 00:00:31]} {[%emt 00:00:02]} 34. Rc5 {[%clk 00:00:46]}
{[%emt 00:00:05]} Qe6 {[%clk 00:00:23]} {[%emt 00:00:13]} 35. Qc3 {[%clk
00:00:41]} {[%emt 00:00:10]} Qg4 {[%clk 00:00:08]} {[%emt 00:00:20]} 36. Qc1
{[%clk 00:00:33]} {[%emt 00:00:12]} Nd4 {[%clk 00:00:09]} {[%emt 00:00:04]} 37.
Rc8+ {[%clk 00:00:29]} {[%emt 00:00:08]} Kh7 {[%clk 00:00:13]} {[%emt
00:00:02]} 38. Qb1+ {[%clk 00:00:19]} {[%emt 00:00:15]} g6 {[%clk 00:00:14]}
{[%emt 00:00:04]} 39. Rc7+ {[%clk 00:00:21]} {[%emt 00:00:03]} Kg8 {[%clk
00:00:18]} {[%emt 00:00:01]} 40. Qe4 {[%clk 00:00:19]} {[%emt 00:00:07]} Qh3+
{[%clk 00:00:21]} {[%emt 00:00:02]} 41. Ke1 {[%clk 00:00:22]} {[%emt 00:00:01]}
Nf3+ {[%clk 00:00:22]} {[%emt 00:00:04]} 42. Kd1 {[%clk 00:00:23]} {[%emt
00:00:04]} Qh1+ {[%clk 00:00:26]} {[%emt 00:00:02]} 43. Ke2 {[%clk 00:00:20]}
{[%emt 00:00:08]} Ng1+ {[%clk 00:00:27]} {[%emt 00:00:03]} 44. Ke3 {[%clk
00:00:21]} {[%emt 00:00:03]} Qxe4+ {[%clk 00:00:31]} {[%emt 00:00:02]} 45. Kxe4
{[%clk 00:00:25]} {[%emt 00:00:01]} Ne2 {[%clk 00:00:33]} {[%emt 00:00:02]} 46.
Rb7 {[%clk 00:00:27]} {[%emt 00:00:04]} Ng1 {[%clk 00:00:35]} {[%emt 00:00:03]}
47. Rxb5 {[%clk 00:00:30]} {[%emt 00:00:02]} Nh3 {[%clk 00:00:38]} {[%emt
00:00:02]} 48. Rb7 {[%clk 00:00:33]} {[%emt 00:00:02]} Nxf2+ {[%clk 00:00:40]}
{[%emt 00:00:02]} 49. Kd4 {[%clk 00:00:33]} {[%emt 00:00:05]} h5 {[%clk
00:00:43]} {[%emt 00:00:03]} 50. a4 {[%clk 00:00:37]} h4 {[%clk 00:00:47]}
{[%emt 00:00:01]} 51. Ke3 {[%clk 00:00:41]} {[%emt 00:00:01]} Ng4+ {[%clk
00:00:48]} {[%emt 00:00:04]} 52. Kf3 {[%clk 00:00:44]} {[%emt 00:00:02]} g5
{[%clk 00:00:45]} {[%emt 00:00:08]} 53. fxg5 {[%clk 00:00:46]} {[%emt
00:00:03]} Ne5+ {[%clk 00:00:49]} 54. Kg2 {[%clk 00:00:45]} {[%emt 00:00:05]}
Nd3 {[%clk 00:00:51]} {[%emt 00:00:04]} 55. b4 {[%clk 00:00:48]} {[%emt
00:00:02]} Nf4+ {[%clk 00:00:54]} {[%emt 00:00:02]} 56. Kh2 {[%clk 00:00:49]}
{[%emt 00:00:04]} Ne6 {[%clk 00:00:56]} {[%emt 00:00:03]} 57. a5 {[%emt
00:00:02]} Nxg5 {[%clk 00:00:58]} {[%emt 00:00:02]} 58. a6 {[%clk 00:00:57]}
{[%emt 00:00:01]} Nf3+ {[%clk 00:01:00]} {[%emt 00:00:04]} 59. Kh1 {[%clk
00:01:00]} {[%emt 00:00:02]} h3 {[%clk 00:01:02]} {[%emt 00:00:03]} 60. a7
{[%clk 00:01:04]} 1-0

[Event "Trofeo abierto Universidad de Jaen 2025"]
[Site "Maestra, 16 (Palacio de Cultura)"]
[Date "2025.04.05"]
[Round "2.7"]
[White "Blanca Almagro, Miguel Angel"]
[Black "Perez Soto, Raul"]
[Result "1-0"]
[TimeControl "10' + 5\""]
[WhiteFideId "2245051"]
[BlackFideId "24537284"]
[WhiteElo "1905"]
[BlackElo "1580"]

1. d4 {[%clk 00:10:06]} e6 {[%clk 00:10:07]} {[%emt 00:00:04]} 2. Nf3 {[%clk
00:10:06]} {[%emt 00:00:04]} f5 {[%clk 00:10:10]} {[%emt 00:00:02]} 3. Bf4
{[%clk 00:10:07]} {[%emt 00:00:04]} Nf6 {[%clk 00:10:12]} {[%emt 00:00:03]} 4.
e3 {[%clk 00:10:11]} {[%emt 00:00:01]} Be7 {[%clk 00:10:10]} {[%emt 00:00:07]}
5. h3 {[%clk 00:10:09]} {[%emt 00:00:07]} b6 {[%clk 00:10:09]} {[%emt
00:00:06]} 6. Bc4 {[%clk 00:10:05]} {[%emt 00:00:09]} Bb7 {[%clk 00:10:10]}
{[%emt 00:00:04]} 7. O-O {[%clk 00:09:50]} {[%emt 00:00:20]} O-O {[%clk
00:10:12]} {[%emt 00:00:04]} 8. Nc3 {[%clk 00:09:53]} {[%emt 00:00:03]} a6
{[%clk 00:08:08]} {[%emt 00:02:09]} 9. d5 {[%clk 00:09:42]} {[%emt 00:00:16]}
d6 {[%clk 00:07:16]} {[%emt 00:00:57]} 10. dxe6 {[%clk 00:09:34]} {[%emt
00:00:12]} Nc6 {[%clk 00:06:49]} {[%emt 00:00:32]} 11. Nd5 {[%clk 00:09:29]}
{[%emt 00:00:10]} Na5 {[%clk 00:06:28]} {[%emt 00:00:26]} 12. Nxf6+ {[%clk
00:09:04]} {[%emt 00:00:31]} Rxf6 {[%clk 00:06:31]} {[%emt 00:00:02]} 13. Bd5
{[%clk 00:09:01]} {[%emt 00:00:03]} c6 {[%clk 00:06:25]} {[%emt 00:00:14]} 14.
b4 {[%clk 00:08:57]} {[%emt 00:00:09]} cxd5 {[%clk 00:06:22]} {[%emt 00:00:09]}
15. bxa5 {[%clk 00:09:00]} {[%emt 00:00:02]} Rxe6 {[%clk 00:06:22]} {[%emt
00:00:04]} 16. Nd4 {[%clk 00:08:48]} {[%emt 00:00:17]} Rf6 {[%clk 00:05:19]}
{[%emt 00:01:08]} 17. axb6 {[%clk 00:08:49]} {[%emt 00:00:04]} Qxb6 {[%clk
00:04:50]} {[%emt 00:00:34]} 18. Qd3 {[%clk 00:08:53]} {[%emt 00:00:01]} g6
{[%clk 00:04:25]} {[%emt 00:00:30]} 19. Rfb1 {[%clk 00:08:50]} {[%emt
00:00:08]} Qc7 {[%clk 00:04:26]} {[%emt 00:00:04]} 20. Qb3 {[%clk 00:08:25]}
{[%emt 00:00:30]} Bc8 {[%clk 00:03:53]} {[%emt 00:00:39]} 21. Qxd5+ {[%clk
00:08:27]} {[%emt 00:00:03]} Kg7 {[%clk 00:03:45]} {[%emt 00:00:13]} 22. Qxa8
{[%clk 00:08:27]} {[%emt 00:00:04]} Rf8 {[%clk 00:03:47]} {[%emt 00:00:04]} 23.
Qd5 {[%clk 00:08:06]} {[%emt 00:00:25]} g5 {[%clk 00:03:04]} {[%emt 00:00:48]}
24. Bg3 {[%clk 00:07:49]} {[%emt 00:00:22]} f4 {[%clk 00:02:45]} {[%emt
00:00:24]} 25. exf4 {[%clk 00:07:11]} {[%emt 00:00:43]} gxf4 {[%clk 00:02:48]}
{[%emt 00:00:03]} 26. Bh2 {[%clk 00:07:02]} {[%emt 00:00:13]} Rf6 {[%clk
00:02:38]} {[%emt 00:00:15]} 27. Re1 {[%clk 00:06:54]} {[%emt 00:00:13]} Kh8
{[%clk 00:01:46]} {[%emt 00:00:58]} 28. Rab1 {[%clk 00:06:46]} {[%emt
00:00:13]} Qd8 {[%clk 00:00:56]} {[%emt 00:00:54]} 29. Nc6 {[%clk 00:06:44]}
{[%emt 00:00:07]} Qf8 {[%clk 00:00:23]} {[%emt 00:00:38]} 30. Nxe7 {[%clk
00:06:28]} {[%emt 00:00:20]} Bd7 {[%clk 00:00:13]} {[%emt 00:00:15]} 31. Qd4
{[%clk 00:06:23]} {[%emt 00:00:09]} Kg7 {[%clk 00:00:14]} {[%emt 00:00:05]} 32.
Rb7 {[%clk 00:06:14]} {[%emt 00:00:14]} 1-0

[Event "Trofeo abierto Universidad de Jaen 2025"]
[Site "Maestra, 16 (Palacio de Cultura)"]
[Date "2025.04.05"]
[Round "3.1"]
[White "Diaz Perez, Michel Alejandro"]
[Black "Espinola Gomez, Alvaro"]
[Result "1-0"]
[TimeControl "10' + 5\""]
[WhiteFideId "3517179"]
[BlackFideId "523074930"]
[WhiteElo "2473"]
[BlackElo "1770"]

1. d4 {[%clk 00:10:04]} {[%emt 00:00:05]} Nf6 {[%clk 00:10:06]} {[%emt
00:00:04]} 2. c4 {[%clk 00:10:08]} {[%emt 00:00:02]} c5 {[%clk 00:10:08]}
{[%emt 00:00:03]} 3. d5 {[%clk 00:10:08]} {[%emt 00:00:05]} e6 {[%clk
00:10:10]} {[%emt 00:00:03]} 4. Nc3 {[%clk 00:10:12]} {[%emt 00:00:02]} exd5
{[%clk 00:10:14]} {[%emt 00:00:02]} 5. cxd5 {[%clk 00:10:15]} {[%emt 00:00:02]}
d6 {[%clk 00:10:18]} {[%emt 00:00:01]} 6. Nf3 {[%clk 00:09:59]} {[%emt
00:00:22]} g6 {[%clk 00:10:19]} {[%emt 00:00:03]} 7. e4 {[%clk 00:09:53]}
{[%emt 00:00:11]} Bg7 {[%clk 00:10:14]} {[%emt 00:00:10]} 8. Nd2 {[%clk
00:09:56]} {[%emt 00:00:01]} O-O {[%clk 00:10:07]} {[%emt 00:00:12]} 9. Be2
{[%clk 00:10:00]} {[%emt 00:00:02]} a6 {[%clk 00:09:56]} {[%emt 00:00:17]} 10.
a4 {[%clk 00:10:03]} Nbd7 {[%clk 00:09:25]} {[%emt 00:00:36]} 11. O-O {[%clk
00:10:06]} {[%emt 00:00:03]} Re8 {[%clk 00:09:07]} {[%emt 00:00:23]} 12. f3
{[%clk 00:10:04]} {[%emt 00:00:06]} Rb8 {[%clk 00:08:38]} {[%emt 00:00:34]} 13.
a5 {[%clk 00:10:00]} {[%emt 00:00:09]} Rf8 {[%clk 00:07:48]} {[%emt 00:00:55]}
14. Nc4 {[%clk 00:09:48]} {[%emt 00:00:17]} Ne8 {[%clk 00:07:47]} {[%emt
00:00:05]} 15. Bf4 {[%clk 00:09:26]} {[%emt 00:00:27]} Qf6 {[%clk 00:06:49]}
{[%emt 00:01:03]} 16. Bg3 {[%clk 00:08:56]} {[%emt 00:00:35]} h5 {[%clk
00:05:48]} {[%emt 00:01:06]} 17. Qe1 {[%clk 00:08:10]} {[%emt 00:00:52]} b5
{[%clk 00:05:14]} {[%emt 00:00:39]} 18. axb6 {[%clk 00:07:53]} {[%emt
00:00:21]} Nxb6 {[%clk 00:05:17]} {[%emt 00:00:02]} 19. e5 {[%clk 00:07:35]}
{[%emt 00:00:23]} Qd8 {[%clk 00:04:28]} {[%emt 00:00:54]} 20. Na5 {[%clk
00:07:13]} {[%emt 00:00:27]} Qc7 {[%clk 00:02:37]} {[%emt 00:01:56]} 21. exd6
{[%clk 00:06:59]} {[%emt 00:00:19]} Nxd6 {[%clk 00:02:06]} {[%emt 00:00:36]} 22.
Ne4 {[%clk 00:07:03]} {[%emt 00:00:01]} Rd8 {[%clk 00:02:07]} {[%emt 00:00:04]}
23. Nc6 {[%clk 00:07:04]} {[%emt 00:00:04]} Nxd5 {[%clk 00:01:14]} {[%emt
00:00:58]} 24. Nxd8 {[%clk 00:06:55]} {[%emt 00:00:14]} Bd4+ {[%clk 00:00:39]}
{[%emt 00:00:40]} 25. Kh1 {[%clk 00:06:58]} {[%emt 00:00:02]} Qxd8 {[%clk
00:00:22]} {[%emt 00:00:21]} 26. Nxd6 {[%clk 00:06:56]} {[%emt 00:00:07]} Rxb2
{[%clk 00:00:20]} {[%emt 00:00:08]} 27. Nxc8 {[%clk 00:06:50]} {[%emt
00:00:11]} Qxc8 {[%clk 00:00:20]} {[%emt 00:00:05]} 28. Bxa6 {[%clk 00:06:46]}
{[%emt 00:00:09]} Qc6 {[%emt 00:00:25]} 1-0